• 首页
  • 本馆介绍
  • 公告通知
  • 最新文献
  • 馆藏检索
  • 电子资源
  • 读者导购
  • 参考咨询
  • 我的图书馆
  • 登录
  • 详细信息显示
  • 放入我的书架
  • 预约/预借图书
  • 作者相关作品
  • 分类相关作品
  • 丛书相关作品
  • 出版社相关作品

书目信息

  • 表格格式
  • 工作单格式
  • 卡片格式
题名:
万万不可忽视的7大梦境
    
 
作者: 索顿 著 ;刘丽萍 译
分册:  
出版信息: 南京   江苏凤凰文艺出版社  2019.1
页数: 284页
开本: 21cm
丛书名:
单 册:
中图分类: B845.1-49
科图分类:
主题词: 梦--精神分析--meng--通俗读物
电子资源:
ISBN: 978-7-5594-4031-0
000 01211nam0 2200277 450
001 012001002063
005 20141203105046.0
010    @a978-7-5594-4031-0@dCNY39.80
099    @aCAL 012020001788
100    @a20220905d2019 em y0chiy50 ea
101 1  @achi@ceng
102    @aCN@b320000
105    @ay z 000yy
106    @ar
200 1  @a万万不可忽视的7大梦境@Awan wan bu ke hu shi de 7 da meng jing@d= How to listen to the inner guidance of your dreams@f(加) 克里斯托弗·索顿著@g刘丽萍译@zeng
210    @a南京@c江苏凤凰文艺出版社@d2019.1
215    @a284页@d21cm
330    @a西格蒙德·弗洛伊德曾经说过:“这个世界没有偶然,只有必然,梦境也是如此。”梦境是潜意识的重要组成部分,是一种特殊的心理行为。它是感官将其他来源的材料经过一番加工而形成的产品。梦是一种幻想,是一种渴望,还是一种回归本质?梦是如何产生的,到底蕴含着怎样的寓意,又将如何指引我们的生活?
333    @a大众读者
500 10 @aHow to listen to the inner guidance of your dreams@mChinese
606 0  @a梦@x精神分析@Ameng@j通俗读物
690    @aB845.1-49@v5
701  1 @a索顿@Asuo dun@g(Sowton, Christopher)@4著
702  0 @a刘丽萍@Aliu li ping@4译
801  0 @aCN@bAHXH@c20221111
905    @b1372118-22@dB845.1-49@e4444@f5
    
    万万不可忽视的7大梦境= How to listen to the inner guidance of your dreams/(加) 克里斯托弗·索顿著/刘丽萍译.-南京:江苏凤凰文艺出版社,2019.1
    284页;21cm
    使用对象:大众读者
    
    ISBN 978-7-5594-4031-0:CNY39.80
    西格蒙德·弗洛伊德曾经说过:“这个世界没有偶然,只有必然,梦境也是如此。”梦境是潜意识的重要组成部分,是一种特殊的心理行为。它是感官将其他来源的材料经过一番加工而形成的产品。梦是一种幻想,是一种渴望,还是一种回归本质?梦是如何产生的,到底蕴含着怎样的寓意,又将如何指引我们的生活?
●
相关链接 在E读中查询图书 在五车中查询图书 在当当中查询图书 在豆瓣中查询图书


正题名:万万不可忽视的7大梦境     索取号:B845.1-49/4444         预约/预借

序号 登录号 条形码 馆藏地/架位号 状态 备注
1 1372118   213721187   第一样本阅览室/ [索取号:B845.1-49/4444] 在馆    
2 1372119   213721196   教育系资料室/ [索取号:B845.1-49/4444] 在馆    
3 1372120   213721203   教育系资料室/ [索取号:B845.1-49/4444] 在馆    
4 1372121   213721212   第一借阅区/ [索取号:B845.1-49/4444] 在馆    
5 1372122   213721221   第一借阅区/ [索取号:B845.1-49/4444] 在馆    
唐山师范学院图书馆 欢迎您!
大连网信软件有限公司© 版权所有